Management /

Salvato in:
Dettagli Bibliografici
Autori principali: Weihrich, Heinz (Autore), Koontz, Harold (Autore)
Altri autori: Dolanský, Václav (Traduttore)
Natura: Libro
Lingua:ceco
Pubblicazione: Praha : Victoria Publishing, a.s, 1993
Soggetti:
Tags: Aggiungi Tag
Nessun Tag, puoi essere il primo ad aggiungerne!!

MARC

LEADER 00000nam a22000003a 4500
001 stu44136
005 20150617225717.2
008 950131s1993----cs------------------cze-d
020 |a 80-85605-45-7 
040 |a STU  |b slo 
041 0 |a cze 
044 |a cs 
080 |a 658.5 
100 1 |a Weihrich, Heinz  |4 aut 
245 1 |a Management /  |c [aut.]Heinz Weihrich, Harold Koontz; Z amer. Václav Dolanský 
260 |a Praha :  |b Victoria Publishing, a.s,  |c 1993 
300 |a 659 s 
650 7 |a Management  |2 estusub 
700 1 |a Koontz, Harold  |4 aut 
700 1 |a Dolanský, Václav  |4 trl 
996 |b 284J016831  |c J*90046  |l JJSK  |s A  |a 24  |w stu44136_0001 
996 |b M 28487  |c M*8874-1  |l MMKN  |s A  |a 24  |w stu44136_0002